The dream of power : (Record no. 10339)

MARC details
000 -LEADER
fixed length control field 00692 a2200205 4500
010 ## - LIBRARY OF CONGRESS CONTROL NUMBER
LC control number ENG-89247
020 ## - INTERNATIONAL STANDARD BOOK NUMBER
Terms of availability 300.00
International Standard Book Number 8181573463
035 ## - SYSTEM CONTROL NUMBER
System control number EN-72780
037 ## - SOURCE OF ACQUISITION
Source of stock number/acquisition DBAD / PUB
082 14 - DEWEY DECIMAL CLASSIFICATION NUMBER
Classification number N
090 ## - LOCALLY ASSIGNED LC-TYPE CALL NUMBER (OCLC); LOCAL CALL NUMBER (OCLC)
-- 10628
-- 10628
100 1# - MAIN ENTRY--PERSONAL NAME
Personal name Maini, Darshan Singh
245 1# - TITLE STATEMENT
Title The dream of power :
Statement of responsibility, etc by Darshan Singh Maini
Remainder of title political essays and critiques /
260 ## - PUBLICATION, DISTRIBUTION, ETC. (IMPRINT)
Place of publication, distribution, etc Calcutta
Name of publisher, distributor, etc Writers Workshop
Date of publication, distribution, etc 2005
270 ## - ADDRESS
Address 162/92, Lake Gardens,
City Calcutta
State or province West Bengal
Postal code 700 045
300 ## - PHYSICAL DESCRIPTION
Extent 264p.
Dimensions 22cm (Hb)
490 ## - SERIES STATEMENT
Series statement Writers workshop greybird book
942 ## - ADDED ENTRY ELEMENTS (KOHA)
Institution code [OBSOLETE] dpl
Koha item type English Books
Call number prefix N / MAI
Holdings
Withdrawn status Lost status Source of classification or shelving scheme Damaged status Not for loan Collection code Home library Current library Source of acquisition Cost, normal purchase price Total Checkouts Full call number Barcode Date last seen Copy number Uniform Resource Identifier Cost, replacement price Price effective from Koha item type
    Dewey Decimal Classification   Not For Loan Non-fiction D.B.Act.Division D.B.Act.Division DBAD/PUB 300.00   N MAI EN-72780 15/09/2008 1 11381 300.00 15/09/2008 English Books

© Delhi Public Library
Hit Counter
free hit counter